| 000 | 00676nam a22002057a 4500 | ||
|---|---|---|---|
| 005 | 20140310183629.0 | ||
| 008 | 131115b xxu||||| |||| 00| 0 eng d | ||
| 020 | _a9781259004971 | ||
| 050 |
_aTX 911.3.F75 _b.An565 2013 |
||
| 100 | _aAndrews, Sudhir. | ||
| 245 |
_aHotel front office : _ba training manual / _cSudhir Andrews. |
||
| 250 | _a3rd ed. | ||
| 260 |
_aNew Delhi : _bMcGraw Hill Education (India) Private Ltd., _cc2013. |
||
| 300 |
_axvi, 374 p. : _bill. ; _c23 cm. |
||
| 521 | _aTOU | ||
| 650 |
_aHotel front desk personnel _xHandbooks, manuals, etc. |
||
| 650 |
_aHotel management _xHandbooks, manuals, etc. |
||
| 942 |
_2lcc _cBK _kFOR |
||
| 999 |
_c25577 _d25577 |
||